Light on Life: the yoga journey to wholeness, inner peace, and ultimate freedom/ (Record no. 177689)

MARC details
000 -LEADER
fixed length control field 00677nam a22001817a 4500
005 - DATE AND TIME OF LATEST TRANSACTION
control field 20210225151812.0
010 ## - LCCN (DPL NO)
LC control number ENG-129064
020 ## - INTERNATIONAL STANDARD BOOK NUMBER
Terms of availability 499.00
International Standard Book Number 978-1-5293-1977-4
035 ## - SYSTEM CONTROL NUMBER
System control number EN-112596
037 ## - SOURCE OF ACQUISITION
Source of stock number/acquisition DBAD/PUB
082 ## - DEWEY DECIMAL CLASSIFICATION NUMBER
Classification number 294.5436
100 ## - MAIN ENTRY--PERSONAL NAME
Personal name Iyengar, B. K. S.
245 ## - TITLE STATEMENT
Title Light on Life: the yoga journey to wholeness, inner peace, and ultimate freedom/
Remainder of title B. K. S. Iyengar
260 ## - PUBLICATION, DISTRIBUTION, ETC. (IMPRINT)
Place of publication, distribution, etc Gurugram
Name of publisher, distributor, etc Hachette Book Publishing India Pvt. Ltd.
Date of publication, distribution, etc 2019
270 ## - ADDRESS
City Gurugram
Address 4th/5th Floors, Corporate Centre, Plot No- 94, Sec- 44
Postal code 122003
300 ## - PHYSICAL DESCRIPTION
Extent xxii+282p.
Dimensions 24cm(pbk)
Other physical details Including illustrations and index.
942 ## - ADDED ENTRY ELEMENTS (KOHA)
Source of classification or shelving scheme Dewey Decimal Classification
Item type English Books
Classification part 294.5436
Call number suffix IYE
Holdings
Withdrawn status Lost status Not for loan Collection code Home library Current library Date acquired Source of acquisition Cost, normal purchase price Full call number Barcode Copy number Cost, replacement price Koha item type
      Non-fiction Ashok Vihar Ashok Vihar 25/02/2021 DBAD/PUB 499.00 294.5436 IYE EN-112596 1 499.00 English Books

© Delhi Public Library
Hit Counter
free hit counter